000 00411nam a2200169Ia 4500
001 22306
003 IN-NITTTR
005 20251114233252.0
008 251113s9999||||xx |||||||||||||| ||eng||
040 _beng
040 _cIN-NITTTR
041 _aeng
082 _a001 M71G
100 _aAggarwal, Mani Ram
245 0 _aGeneral knowledge digest and general studies /
_cAggarwal, Mani Ram
942 _2ddc
_cBK
999 _c24935
_d24935